<?xml version="1.0" encoding="UTF-8"?><?xml-stylesheet type="text/xsl" href="static/style.xsl"?><OAI-PMH xmlns="http://www.openarchives.org/OAI/2.0/" xmlns:xsi="http://www.w3.org/2001/XMLSchema-instance" xsi:schemaLocation="http://www.openarchives.org/OAI/2.0/ http://www.openarchives.org/OAI/2.0/OAI-PMH.xsd"><responseDate>2026-04-13T06:55:03Z</responseDate><request verb="GetRecord" identifier="oai:www.recercat.cat:2072/473952" metadataPrefix="marc">https://recercat.cat/oai/request</request><GetRecord><record><header><identifier>oai:recercat.cat:2072/473952</identifier><datestamp>2025-04-03T10:24:33Z</datestamp><setSpec>com_2072_98</setSpec><setSpec>col_2072_378192</setSpec></header><metadata><record xmlns="http://www.loc.gov/MARC21/slim" xmlns:dcterms="http://purl.org/dc/terms/" xmlns:xsi="http://www.w3.org/2001/XMLSchema-instance" xmlns:doc="http://www.lyncode.com/xoai" xsi:schemaLocation="http://www.loc.gov/MARC21/slim http://www.loc.gov/standards/marcxml/schema/MARC21slim.xsd">
   <leader>00925njm 22002777a 4500</leader>
   <datafield ind2=" " ind1=" " tag="042">
      <subfield code="a">dc</subfield>
   </datafield>
   <datafield ind2=" " ind1=" " tag="720">
      <subfield code="a">Soriano, Eni</subfield>
      <subfield code="e">author</subfield>
   </datafield>
   <datafield ind2=" " ind1=" " tag="260">
      <subfield code="c">2012</subfield>
   </datafield>
   <datafield ind2=" " ind1=" " tag="520">
      <subfield code="a">Editorial: MARQ Museo Arqueológico de Alicante. Diputación de Alicante</subfield>
   </datafield>
   <datafield ind2=" " ind1=" " tag="520">
      <subfield code="a">El presente trabajo aporta datos arqueometalúrgicos de un punzón de cobre recuperado en la Cova de la Pesseta, cavidad funeraria de Torrelles de Foix (Alt Penedès, Barcelona). El útil se localizó en un nivel funerario múltiple adscrito al Neolítico Final (grupo Véraza) aunque tampoco puede descartarse que pertenezca a un uso mortuorio posterior durante el Bronce Inicial. Ambos usos cuentan con fechas radiocarbónicas AMS. El estudio aborda cuestiones vinculadas al proceso de producción del objeto, a través de su análisis composicional (ED-XRF) y metalográfico. El origen de la materia prima se propone a partir de los datos de isótopos de plomo y su comparación con los existentes en otras áreas peninsulares y europeas. Cabe remarcar que se trata de la pieza metálica más antigua de todo el nordeste de la Península Ibérica con datos isotópicos. Finalmente se plantea una hipótesis en relación a su funcionalidad, a partir de las características del propio útil y del estudio mediante lupa binocular.</subfield>
   </datafield>
   <datafield ind2=" " ind1=" " tag="520">
      <subfield code="a">This paper provides archaeometallurgical data of a copper awl from Cova de la Pesseta, a funerary cave located in Torrelles de Foix (Alt Penedès, Barcelona). The tool was located in a multiple burial level attached to the Late Neolithic (Véraza Group) although we can not ruled out that it belongs to a later mortuary use during the Early Bronze Age. Both uses have radiocarbon AMS dates. The study deals with issues relating to the process of production of the object, through its compositional (ED-XRF) and metallographic analysis. The origin of raw material is suggested from lead isotopes data and its comparison with similar data existing elsewhere in Iberian Peninsula and Europe. It should be noted that it is the oldest metal object of the Northeastern Iberian Peninsula with isotopic data. Finally we propose a hypothesis in relation to its functionality through the characteristics of the tool and binocular magnifier study</subfield>
   </datafield>
   <datafield tag="653" ind2=" " ind1=" ">
      <subfield code="a">Arqueometalurgia</subfield>
   </datafield>
   <datafield tag="653" ind2=" " ind1=" ">
      <subfield code="a">Punzón</subfield>
   </datafield>
   <datafield tag="653" ind2=" " ind1=" ">
      <subfield code="a">ED-XRF</subfield>
   </datafield>
   <datafield tag="653" ind2=" " ind1=" ">
      <subfield code="a">Isótopos de plomo</subfield>
   </datafield>
   <datafield tag="653" ind2=" " ind1=" ">
      <subfield code="a">Metalografía</subfield>
   </datafield>
   <datafield tag="653" ind2=" " ind1=" ">
      <subfield code="a">Funcionalidad</subfield>
   </datafield>
   <datafield tag="653" ind2=" " ind1=" ">
      <subfield code="a">Prehistoria Reciente</subfield>
   </datafield>
   <datafield tag="653" ind2=" " ind1=" ">
      <subfield code="a">Nordeste de la Península Ibérica</subfield>
   </datafield>
   <datafield tag="653" ind2=" " ind1=" ">
      <subfield code="a">Mediterráneo Occidental</subfield>
   </datafield>
   <datafield tag="653" ind2=" " ind1=" ">
      <subfield code="a">Archaeometallurgy</subfield>
   </datafield>
   <datafield tag="653" ind2=" " ind1=" ">
      <subfield code="a">Awl</subfield>
   </datafield>
   <datafield tag="653" ind2=" " ind1=" ">
      <subfield code="a">Lead isotopes</subfield>
   </datafield>
   <datafield tag="653" ind2=" " ind1=" ">
      <subfield code="a">Metallographic data</subfield>
   </datafield>
   <datafield tag="653" ind2=" " ind1=" ">
      <subfield code="a">Functionality</subfield>
   </datafield>
   <datafield tag="653" ind2=" " ind1=" ">
      <subfield code="a">Late Prehistory</subfield>
   </datafield>
   <datafield tag="653" ind2=" " ind1=" ">
      <subfield code="a">Northeastern</subfield>
   </datafield>
   <datafield tag="653" ind2=" " ind1=" ">
      <subfield code="a">Iberian Peninsula</subfield>
   </datafield>
   <datafield tag="653" ind2=" " ind1=" ">
      <subfield code="a">Western Mediterranean</subfield>
   </datafield>
   <datafield ind2="0" ind1="0" tag="245">
      <subfield code="a">Estudio arqueometalúrgico del punzón de Cova de la Pesseta (Torrelles de Foix, Alt Penedès). Datos composicionales, metalográficos, isotópicos y funcionales</subfield>
   </datafield>
</record></metadata></record></GetRecord></OAI-PMH>